|
|
|
|
| LEADER |
00000naa2a2200000 4500 |
| 001 |
107368 |
| 005 |
20251202141310.0 |
| 035 |
|
|
|a (RuTPU)RU\TPU\book\115926
|
| 090 |
|
|
|a 107368
|
| 100 |
|
|
|a 20061221d2006 k y0rusy50 ca
|
| 101 |
0 |
|
|a rus
|
| 102 |
|
|
|a RU
|
| 135 |
|
|
|a drnn ---uucaa
|
| 181 |
|
0 |
|a i
|
| 182 |
|
0 |
|a b
|
| 200 |
1 |
|
|a Формирование электронного каталога НТБ Томского политехнического университета на основе применения технологии корпоративной каталогизации
|f Н. Т. Чуприкова, М. Н. Шило
|
| 203 |
|
|
|a Текст
|c электронный
|
| 215 |
|
|
|a 1 файл (198 Кб)
|
| 300 |
|
|
|a Заглавие с титульного листа
|
| 300 |
|
|
|a Электронная версия печатной публикации
|
| 337 |
|
|
|a Adobe Reader
|
| 463 |
|
1 |
|0 (RuTPU)RU\TPU\book\89979
|t Библиографическая деятельность российских библиотек: проблемы и перспективы
|o тезисы докладов всероссийской научно-практической конференции
|d 2005
|
| 610 |
1 |
|
|a библиотеки
|
| 610 |
1 |
|
|a каталогизация
|
| 610 |
1 |
|
|a электронные каталоги
|
| 610 |
1 |
|
|a АБИС
|
| 610 |
1 |
|
|a НТБ
|
| 610 |
1 |
|
|a статьи
|
| 610 |
1 |
|
|a труды учёных ТПУ
|
| 610 |
1 |
|
|a электронный ресурс
|
| 700 |
|
1 |
|a Чуприкова
|b Н. Т.
|c главный библиотекарь-технолог НТБ Томского политехнического университета
|f 1956-
|g Наталья Трофимовна
|3 (RuTPU)RU\TPU\pers\24236
|9 10722
|
| 701 |
|
1 |
|a Шило
|b М. Н.
|g Марина Николаевна
|
| 801 |
|
1 |
|a RU
|b 63413507
|c 20061221
|g PSBO
|
| 801 |
|
2 |
|a RU
|b 63413507
|c 20131014
|g PSBO
|
| 856 |
4 |
|
|u http://www.lib.tpu.ru/fulltext/m/2006/m40.pdf
|
| 942 |
|
|
|c CF
|